000
00310nam a2200133Ia 4500
008
150201s2009 xx 000 0 und d
082
_a
612
_b
P09A
100
_a
ARORA,BHARTI
245
_a
PRACTICAL MICROBIOLOGY
250
_a
1ST
260
_b
CBS
_a
DELHI
_c
2009
650
_a
MICROBIOLOGY
942
_2
ddc
_c
BK
_0
19
999
_c
1141
_d
1141